Nouveau guide complet du Musée du Prado / (Record no. 109862)

MARC details
000 -LEADER
campo de control de longitud fija 00637nam a2200181 i 4500
001 - NÚMERO DE CONTROL
campo de control 109862
003 - IDENTIFICADOR DE NÚMERO DE CONTROL
campo de control ES-MaACL
005 - FECHA Y HORA DE LA ÚLTIMA TRANSACCIÓN
campo de control 20230906184928.0
007 - CAMPO FIJO DE DESCRIPCIÓN FÍSICA--INFORMACIÓN GENERAL
campo de control de longitud fija t|
008 - DATOS DE LONGITUD FIJA--INFORMACIÓN GENERAL
campo de control de longitud fija 061121s1962 sp f |||| | fre d
100 1# - ENTRADA PRINCIPAL--NOMBRE DE PERSONA
Nombre de persona Onieva, Antonio J.
9 (RLIN) 87081
245 10 - MENCIÓN DEL TÍTULO
Título Nouveau guide complet du Musée du Prado /
Mención de responsabilidad, etc. Antonio J. Onieva ; versión francaise de Claire Gilbert de Stoppefaère.
260 ## - PUBLICACIÓN, DISTRIBUCIÓN, ETC.
Lugar de publicación, distribución, etc. Madrid :
Nombre del editor, distribuidor, etc. Mayfe,
Fecha de publicación, distribución, etc. 1962.
300 ## - DESCRIPCIÓN FÍSICA
Extensión 307 p. lám. 1-484. 2 gráf. pleg. ;
Dimensiones 17 cm.
610 2# - PUNTO DE ACCESO ADICIONAL DE MATERIA--NOMBRE DE ENTIDAD CORPORATIVA
Nombre de entidad corporativa o nombre de jurisdicción como elemento de entrada Museo Nacional del Prado-
Subdivisión de forma Guías turísticas.
9 (RLIN) 166678
700 1# - ENTRADA AGREGADA--NOMBRE PERSONAL
Nombre de persona Gilbert de Stoppelaère, Claire.
9 (RLIN) 166677
852 ## - LOCALIZACIÓN
Ubicación ES-MaACL
Número de control de estantería C-21779
Holdings
Estatus retirado Estado de pérdida Estado de daño No para préstamo Biblioteca de origen Biblioteca actual Ubicación en estantería Fecha de adquisición Fuente de adquisición Total de préstamos Signatura topográfica completa Código de barras Visto por última vez Precio de reemplazo Tipo de ítem Koha
        Biblioteca del Ateneo de Madrid Biblioteca del Ateneo de Madrid Galería 17/01/2008     C-21779 1114626 23/02/2023 23/02/2023 Libro impreso